Somewhere in the Middle (Television) Quiz Stats

 Plays Quiz Updated Oct 6, 2017

Challenge
Share
Tweet
Embed
Score 0/20 Timer 01:30
11 Plays Today
% Correct
Love
95.9%
Got
95.7%
Jessica
95.5%
'70s
95.2%
Night
95.2%
Patrick
93.3%
Victims
92.1%
Broadcasting
91.7%
Street
88.5%
News
87.1%
% Correct
Luc
84%
Naked
83%
Farrah
76.9%
Bobby
76%
Montgomery
72.9%
Michael
64.6%
Joe
54.5%
Junior
48.4%
Gilligan
45.9%
Fancy
40.3%

You're not logged in!

Compare scores with friends on all Sporcle quizzes.
OR
Log In

You Might Also Like...

Show Comments

Extras

Top Quizzes Today


Score Distribution

Your Account Isn't Verified!

In order to create a playlist on Sporcle, you need to verify the email address you used during registration. Go to your Sporcle Settings to finish the process.

Report this User

Report this user for behavior that violates our Community Guidelines.

Details: